Understanding global politics / (Record no. 141980)

MARC details
000 -LEADER
fixed length control field 00576nam a22001817a 4500
005 - DATE AND TIME OF LATEST TRANSACTION
control field 20170623153930.0
010 ## - LCCN (DPL NO)
LC control number ENG-118925
020 ## - INTERNATIONAL STANDARD BOOK NUMBER
International Standard Book Number 9789386288370
Terms of availability 380.00
035 ## - SYSTEM CONTROL NUMBER
System control number EN-102457
037 ## - SOURCE OF ACQUISITION
Source of stock number/acquisition DBAD/PUB
082 ## - DEWEY DECIMAL CLASSIFICATION NUMBER
Classification number 327
100 ## - MAIN ENTRY--PERSONAL NAME
Personal name Kumar, Chanchal
245 ## - TITLE STATEMENT
Title Understanding global politics /
Statement of responsibility, etc by Chanchal Kumar, Lunghtuiyang Riamei [and] Sanju Gupta
260 ## - PUBLICATION, DISTRIBUTION, ETC. (IMPRINT)
Place of publication, distribution, etc New Delhi
Name of publisher, distributor, etc KW Publishers
Date of publication, distribution, etc 2017
270 ## - ADDRESS
Address 4676/21, First Floor, Ansari Road Daryaganj, New Delhi-110002
300 ## - PHYSICAL DESCRIPTION
Extent xi,378p
Dimensions 24cm.(pbk)
942 ## - ADDED ENTRY ELEMENTS (KOHA)
Source of classification or shelving scheme Dewey Decimal Classification
Item type English Books
Classification part 327
Call number suffix KUM
Holdings
Withdrawn status Lost status Not for loan Collection code Home library Current library Date acquired Source of acquisition Cost, normal purchase price Full call number Barcode Copy number Cost, replacement price Koha item type
      Non-fiction Bawana Bawana 23/06/2017 DBAD/PUB 380.00 327 KUM EN-102457 1 380.00 English Books

© Delhi Public Library
Hit Counter
free hit counter